000 00653nam a2200205 i 4500
001 32561
003 ES-MaACL
005 20230906154608.0
007 t|
008 030131s1971 sp ||||1| spa d
100 1 _aBertalanffy, Ludwig von.
_928419
245 1 0 _aRobots, hombres y mentes
_b: la psicologĂ­a en el mundo moderno /
_cLudwig von Bertalanffy ; [lo tradujo... Fernando Calleja].
260 _aMadrid :
_bGuadarrama,
_c[1971]
300 _a203 p. ;
_c18 cm.
490 1 _aPunto Omega ;
_v29
700 1 _aCalleja, Fernando.
_933715
830 0 _aPunto Omega ;
_v29
_9180707
852 _aES-MaACL
_jC-45930
_bR.78559
999 _c32561
_d32561